A to Z countries - Statistics

General Stats
  • This quiz has been taken 22 times
  • The average score is 21 of 24
Answer Stats
Picture Answer % Correct
Finland
100%
Jamaica
100%
Albania
95%
Denmark
95%
Hungary
95%
Kenya
95%
Norway
95%
Qatar
95%
Cuba
91%
Ecuador
91%
Iraq
91%
Portugal
91%
Turkey
91%
Uganda
86%
Venezuela
86%
Zimbabwe
86%
Monaco
82%
Yemen
82%
Oman
77%
Libya
73%
Rwanda
73%
Somalia
73%
Botswana
68%
Guyana
64%
No matching quizzes found
Score Distribution
Percent of People with Each Score
Percentile by Number Answered
Your Score History
You have not taken this quiz